000 01022nam a2200229Ia 4500
999 _c39227
_d39227
001 5813
003 GE_BSU
005 20190428213030.0
008 181216s1969||||ge |||||||||||||| ||geo||
040 _cGE_BSU
041 _ageo
080 _a624.131(075.8) მ-97
100 _aმშვენიერაძე, დ.
_9512
245 _aყამირების მექანიკა და ფუძე-საძირკვლები /
_cდ.მშვენიერაძე, დ. კერესელიძე ; რედ. ჩ.გურგენიძე.
260 _c.
264 _aთბილისი :
_bგანათლება ;
_c1969.
300 _a414გვ. :
_bილ. ;
_c22 სმ.
653 _aყამირების მექანიკა და ფუძე-საძირკვლები
700 _aკერესელიძე, დ.
_eავტორი
_9513
700 _aგურგენიძე, ჩ.
_eრედაქტორი
_9514
942 _cBK
_2udc